000 00723nam a2200229Ia 4500
003 GCL
008 140319s9999 xx 000 0 ara d
040 _aGCL /
_cGCL
082 0 4 _a616.9792
_bر ج
100 1 _aرفعت شلبى
245 1 0 _aالجديد عن مرض الايدز /
_cرفعت شلبى
250 _aالاولى
260 _aالقاهرة :
_bدار العين للنشر ،
_c2005
300 _a139 ص ؛
_c19 سم
650 0 4 _aالفيروسات
650 0 4 _aالايدز
650 0 4 _aالعدوى والامراض المعدية
650 0 4 _aالمناعة، امراض
650 0 4 _aالايدز - الجوانب الصحية
650 0 4 _aالايدز - علاج
942 _2ddc
_cBK
999 _c9762
_d9762